<?xml version="1.0" encoding="UTF-8"?>
<marc:record xmlns:marc="http://www.loc.gov/MARC21/slim">
   <marc:leader>00000nam a2200000 a 4500</marc:leader>
   <marc:datafield ind1="1" ind2=" " tag="100">
      <marc:subfield code="a">Petrowitz, Michael</marc:subfield>
      <marc:subfield code="4">aut</marc:subfield>
      <marc:subfield code="e">Verfasser/-in</marc:subfield>
   </marc:datafield>
   <marc:datafield ind1=" " ind2=" " tag="653">
      <marc:subfield code="a">Erstlesealter, Vorschulalter</marc:subfield>
   </marc:datafield>
   <marc:datafield ind1=" " ind2=" " tag="653">
      <marc:subfield code="a">Comic</marc:subfield>
   </marc:datafield>
   <marc:datafield ind1=" " ind2=" " tag="653">
      <marc:subfield code="a">Schulanfang</marc:subfield>
   </marc:datafield>
   <marc:datafield ind1="0" ind2="0" tag="245">
      <marc:subfield code="a">Der magische Stundenplan</marc:subfield>
   </marc:datafield>
   <marc:datafield ind1="0" ind2="0" tag="245">
      <marc:subfield code="c">Petrowitz, Michael</marc:subfield>
   </marc:datafield>
   <marc:datafield ind1=" " ind2="1" tag="264">
      <marc:subfield code="a">Bindlach</marc:subfield>
      <marc:subfield code="b">Loewe</marc:subfield>
      <marc:subfield code="c">2025</marc:subfield>
   </marc:datafield>
   <marc:datafield ind1="1" ind2=" " tag="490">
      <marc:subfield code="a">Leselöwen Comics</marc:subfield>
   </marc:datafield>
   <marc:datafield ind1=" " ind2=" " tag="250">
      <marc:subfield code="a">2. Auflage</marc:subfield>
   </marc:datafield>
   <marc:datafield ind1="1" ind2=" " tag="520">
      <marc:subfield code="a">Der neue Lehrer bringt einen verrückten Stundenplan mit: Ein Gerät mit ganz vielen bunten Knöpfen. Tobi kann sich nicht zurückhalten und drückt auf einen – und schwups ist das Klassenzimmer verschwunden!Schenken Sie Ihrem Kind das bewährte Erfolgskonzept zum Lesenlernen – jetzt als Comic!Lesenlernen ganz einfach - mit den Leselöwen Comics für die 1. Klasse. Perfekt für Leseanfänger*innen ab 6 Jahren:&#xD;
&#xD;
  Lesenlernen mit Comics = hohe Motivation und schneller Erfolg&#xD;
  Kleine Texthäppchen für großen Lesespaß&#xD;
  Beliebte Kombination: Magie und Schule&#xD;
  Eine witzige Schulgeschichte, die einfach gute Laune macht&#xD;
  Neues Konzept angepasst an die Bedürfnisse von Erstleser*innen, die sich mit dem Lesen noch schwertun&#xD;
  Großartiges Geschenk für Leseanfänger*innen&#xD;
  Seit über 45 Jahren lernen Kinder mit den Leselöwen erfolgreich lesen&#xD;
  Über 29 Millionen verkaufte Exemplare – Die Nr. 1 in Deutschland, Österreich und der Schweiz&#xD;
  Spannende Erstlesebücher, unverzichtbar zum Lesenlernen mit Spaß&#xD;
  Von Lehrkräften mitentwickelt und empfohlen, von Grundschüler*innen getestet &#xD;
  Einfache, kurze Sätze in großer Fibelschrift unterstützen optimal den Leselern-Prozess &#xD;
  Genau auf die Interessen und Lesefähigkeiten von Grundschülern ausgerichtet&#xD;
  Mit Fragenteil zur Förderung des Textverständnisses&#xD;
  Abwechslungsreiche Quizfragen auf Antolin steigern die Lesemotivation</marc:subfield>
   </marc:datafield>
   <marc:datafield ind1=" " ind2=" " tag="020">
      <marc:subfield code="a">9783743218529</marc:subfield>
      <marc:subfield code="9">9783743218529</marc:subfield>
   </marc:datafield>
   <marc:datafield ind1=" " ind2=" " tag="020">
      <marc:subfield code="a">3743218526</marc:subfield>
      <marc:subfield code="9">3743218526</marc:subfield>
   </marc:datafield>
   <marc:datafield ind1=" " ind2=" " tag="041">
      <marc:subfield code="a">ger</marc:subfield>
   </marc:datafield>
   <marc:datafield ind1="1" ind2=" " tag="521">
      <marc:subfield code="a">Leseanfänger</marc:subfield>
   </marc:datafield>
   <marc:datafield ind1=" " ind2=" " tag="338">
      <marc:subfield code="a">Band</marc:subfield>
   </marc:datafield>
   <marc:datafield ind1=" " ind2=" " tag="300">
      <marc:subfield code="a">circa 48 Seiten</marc:subfield>
   </marc:datafield>
</marc:record>
